LDR 00859nam a2200217 i 4500 001 000000164221 003 CaOOAMICUS 005 20260423115920.0 008 070906s1980 sp u000 u spa u 013 $a141588 020 $a84-7057-274-1 040 $aSeMil$bita 245 10$aEzequiel ; Doce profetas menores ; Daniel ; Baruc ; Carta de Jeremias. 300 $aP. 668-1373. 773 0 $tProfetas.$dMadrid : Edicione Cristiandad, 1980.$kNueva Biblia espaƱola$g2$w()18349 850 $aSeMil 852 $aSeMil$W1$xVenegono$y1$m2Z IV 152$j270787$B115501$CSeMilBibl$Z2$F126978 $81 961 $aOmaggio: Tremolada don Pierantonio 996 $6020$a84-7057-274-1$9(OLS)http://semarc/number/150467 996 $6245$aEzequiel ; Doce profetas menores ; Daniel ; Baruc ; Carta de Jeremias$9(OLS)http://semarc/title/234297